E.R. - Name the episode #15 - Statistics

General Stats
  • This quiz has been taken 2 times
  • The average score is 7 of 17
Answer Stats
Hint Answer % Correct
Came back for the Carter Center inauguration And in the End...
100%
Made on final appearance before leaving Canon City
100%
Took an helicopter ride with Mark Fear of Flying
100%
Witnessed the birth of her niece Motherhood
100%
Broke up with Carter Secrets and Lies
100%
Left to Phoenix Union Station
100%
Helped a young cancer patient realize a dream A Thousand Cranes
50%
Came back in Chicago Never Say Never
50%
Decided to adopt her niece And Baby Makes Two
0%
Had her birthday ruined by her sister Another Perfect Day
0%
Had to deal with her crazy psych boyfriend ER Confidential
0%
Got married in Las Vegas with Chuck Finders Keepers
0%
Went on maternity leave Impulse Control
0%
Met Ben, an old patient going blind Out of Africa
0%
Kissed Carter Quo Vadis?
0%
Saw a shrink after loosing her niece Take These Broken Wings
0%
Was named ER chief White Guy, Dark Hair
0%
No matching quizzes found
Score Distribution
Percent of People with Each Score
Percentile by Number Answered
Your Score History
You have not taken this quiz